Quizzes
Events
Quiz Creation
Community
Videos
Private Events
Remove Ads
Sign In
Join for FREE
Feedback
Dark Mode
Quiz Categories
Sports
Geography
Music
Movies
Television
Just For Fun
Miscellaneous
History
Literature
Language
Science
Gaming
Entertainment
Religion
Holiday
For Kids
Quiz Lab
Recent
Popular Today
Quiz Kudos Today
Editor Picks
Curator Picks
Quizzes by...
Day
Popularity
Type
Ratings
Length
Year
Community
Subscriptions
Recent Discussions
Orange Saloon
Badges
Playlists
Quests
Create
Leaderboards
Showdown
Live 5
Trivia Bingo
Activity
Puzzle Library
Sporcle Events
Private Events
Virtual Trivia
Globe League
Become a Host
Pub Owners
SporcleCon
Opinionation
Our Games
Videos
Blog
Mobile Apps
Partnerships
Remove Ads and Go Orange
Feedback
Science
Computer
Plants
Astronomy
Chemistry
Elements
Math
Animal
Physics
Anatomy
Biology
Geology
General Science
Science
Computer
Plants
Astronomy
Chemistry
Elements
Math
Animal
Physics
Anatomy
Biology
Geology
General Science
Random Quiz
Search Sporcle
×
Quiz Lab
Quiz Lab
Science
Category
Type in answers that appear in a list
Type in answers that appear in a list
Classic
Best Score? Go Orange.
Particles of the Standard Model Stats
Can you name the Particles of the Standard Model?
By
Wicketlink
2m
16 Questions
113 Plays
113 Plays
113 Plays
Comments
Comments
Give Quiz Kudos
Give Quiz Kudos
-
- Ratings
hide this ad
Replay
Link that replays current quiz
Next Quiz
Link to next quiz in quiz playlist
You Got
0%
They Got
Avg Score
83%
Avg Friend Score
Upgrade to see
Score Distribution
Jump to the score distribution portion of the page
Score
0/16
Timer
02:00
0
Plays Today
Category
Fundamental Particle
% Correct
Quarks
Up
97.3%
Quarks
Down
96.5%
Quarks
Strange
93.8%
Quarks
Charm
92%
Leptons
Electron
91.2%
Quarks
Top
90.3%
Quarks
Bottom
90.3%
Leptons
Muon
88.5%
Category
Fundamental Particle
% Correct
Leptons
Electron Neutrino
85.8%
Leptons
Muon Neutrino
81.4%
Bosons/
Forces
W Boson
78.8%
Bosons/
Forces
Photon
77.9%
Bosons/
Forces
Gluon
73.5%
Bosons/
Forces
Z Boson
73.5%
Leptons
Tau Neutrino
69.9%
Leptons
Tauon
49.6%
Quiz Playlist
Details
Report
Send in Message
Add To Playlist
Classic:
Type in answers that appear in a list
Quiz Source
Last Updated: Feb 16, 2017
Quiz Scoreboard
CHALLENGE
Sign Up to Join the Scoreboard
Show All
Scores
Hide
Comments
May contain spoilers
Recently Published
College Basketball Coaching Resumes
by pancakes188
Sports
9m
Billboard Blitz: Fleetwood Mac
by CooCooCachoo
Music
15s
Presidents Visiting Landmarks
by Hejman
History
7m
More to Explore
Quiz From the Vault
Featured Blog Post
Where Did the Easter Bunny Come From?
hide this ad
You Might Also Like...
Tags
Category
fundamental
model
particle
standard
Standard Model
Today's Top Quizzes in Science
Browse Science
hide this ad
Today's Top Quizzes in Category
Browse Category
Top Contributed Quizzes in Science
1
Quick Pick: Radians
2
Quick Pick: 'CI-CJ' Animals
3
The First 100 Digits of Pi
4
Elements In Images
5
One Thing in Common: Science
6
Science Jokes
7
Name the Acid, Base or Salt
8
One Thing in Common: Science II
9
One Thing in Common: Science III
10
One Thing in Common: Animals
Explore More
Trending Topics
Disney
Crossword
Anime
Harry Potter
NBA
Marvel
Kpop
NFL
Country
WWE
Soccer
Song
Pokémon
The Office
Puzzle
hide this ad
More By:
Wicketlink
Quiz
Plays
Rating
Category
Featured
Created
Pokemon Nurses and Cops
4,781
4.26
Entertainment
Nov 18, 2009
Star Wars Trivia
4,131
4.00
Movies
Nov 12, 2009
Starfox 64 Levels
609
4.38
Gaming
Oct 18, 2009
Video Games by Minor Characters
444
2.27
Gaming
Oct 19, 2009
The Last and Final Quiz
290
4.75
Just For Fun
Nov 19, 2009
Go to Creator's Profile
Score Distribution
Quiz Creator Spotlight
Wicketlink
Follow
Send a Message
Quizzes Created
-
Created Quiz Play Count
-
More By This Creator
Popular Quizzes Today
1
Find the US States - No Outlines Minefield
2
Find the Countries of Europe - No Outlines Minefield
3
The Countries of the World
4
Find the US States
5
Risky Map Clicking: Biggest States A-Z
6
US States
7
Popular People in 1961
8
Movies - When Are They Set?
More Science Quizzes
Outside the Box Blitz: Solar System
Published
Trending Quizzes
Risky Map Clicking: Least Populous States A-Z
1-10 Letter G Words
1-10 Letter F Words
Risky Map Clicking: Next State Alphabetically
Risky Map Clicking: Biggest States A-Z
Recently Updated
Leaping Animals
pecheneg
Reality TV Shows (A-Z)
bhenderson79
Rickey Henderson's Hall of Fame Teammates
pecheneg
Champions League XIs: Arsenal
pecheneg
Quick Pick: Celebrities in WWE's Hall of Fame
aduchscher
A-Z Keypad Blitz II
pecheneg
Multiple Oscar Actors
pecheneg
Mystery Phrase Blitz: Oscar 'Best Actors'
pecheneg
F. Scott Fitzgerald Novels
LTH
Pick 3 Villains
ddd62291
Trending Topics
Anime
Disney
Kpop
Crossword
Harry Potter
NBA
Marvel
The Office
NFL
Soccer
WWE
Puzzle
Country
Pokémon
Song
Your Account Isn't Verified!
In order to create a playlist on Sporcle, you need to verify the email address you used during registration. Go to your
Sporcle Settings
to finish the process.
Report this User
Report this user for behavior that violates our
Community Guidelines
.
Details:
Send Report
Go to the Sporcle.com Mobile Site →
Comments